Isolation and characterisation of 5-hydroxytryptamine 2A receptor active compound from Litsea sessilis (Lauraceae) /
محفوظ في:
| المؤلف الرئيسي: | |
|---|---|
| التنسيق: | أطروحة كتاب |
| اللغة: | English |
| منشور في: |
2007.
|
| الموضوعات: | |
| الوسوم: |
إضافة وسم
لا توجد وسوم, كن أول من يضع وسما على هذه التسجيلة!
|
| LEADER | 00865cam a2200229 a 4500 | ||
|---|---|---|---|
| 001 | u758384 | ||
| 003 | SIRSI | ||
| 005 | 200807281236 | ||
| 008 | 080728s2007 my a m 000 0 eng | ||
| 040 | |a UMP | ||
| 096 | |a WB100 |b UM 2007 Lo | ||
| 100 | 0 | |a Lo, Mee Wah. | |
| 245 | 1 | 0 | |a Isolation and characterisation of 5-hydroxytryptamine 2A receptor active compound from Litsea sessilis (Lauraceae) / |c Lo Mee Wah. |
| 260 | |c 2007. | ||
| 300 | |a xix, 209 leaves : |b ill. (some col.) ; |c 29 cm. | ||
| 502 | |a Dissertation (M.Med.Sc.)--Department of Medicine, Faculty of Medicine, University of Malaya, 2007. | ||
| 504 | |a Bibliography: leaves 152-204. | ||
| 650 | 2 | |a Receptors, Drug. | |
| 710 | 2 | |a Universiti Malaya. |b Jabatan Perubatan. | |
| 900 | |a RAH | ||
| 596 | |a 2 | ||
| 999 | |a WB100 UM 2007 LO |w NLM |c 1 |i A503107588 |d 10/7/2009 |f 10/7/2009 |g 1 |l TESIS |m P02MEDKL |r Y |s Y |t TESIS |u 10/7/2009 | ||
